<?xml version="1.0" encoding="UTF-8"?>
<record
    xmlns:xsi="http://www.w3.org/2001/XMLSchema-instance"
    xsi:schemaLocation="http://www.loc.gov/MARC21/slim http://www.loc.gov/standards/marcxml/schema/MARC21slim.xsd"
    xmlns="http://www.loc.gov/MARC21/slim">

  <leader>02110nam a22003137a 4500</leader>
  <controlfield tag="003">DO-SdBNP</controlfield>
  <controlfield tag="005">20220301112034.0</controlfield>
  <controlfield tag="008">210721b  2020 dr a c   00| 0 eng d</controlfield>
  <datafield tag="020" ind1=" " ind2=" ">
    <subfield code="a">9789945613681</subfield>
  </datafield>
  <datafield tag="040" ind1=" " ind2=" ">
    <subfield code="a">DO-SdBNP</subfield>
    <subfield code="b">spa</subfield>
    <subfield code="c">BPMSU </subfield>
  </datafield>
  <datafield tag="082" ind1=" " ind2=" ">
    <subfield code="a">307.76097293   </subfield>
    <subfield code="b">B142n 2020</subfield>
    <subfield code="2">22</subfield>
  </datafield>
  <datafield tag="100" ind1="1" ind2=" ">
    <subfield code="a">B&#xE1;ez P&#xE9;rez, Rafael &#xAB;Cucullo&#xBB;,</subfield>
  </datafield>
  <datafield tag="245" ind1="1" ind2="0">
    <subfield code="a">Nibaje, Maril&#xF3;pez y la Cruz de Maril&#xF3;pez / </subfield>
    <subfield code="c">Rafael &#xAB;Cucullo&#xBB; B&#xE1;ez P&#xE9;rez ; pr&#xF3;logo : Ram&#xF3;n Morel Cerda ; edici&#xF3;n : Aimara Vera River&#xF3;n.</subfield>
  </datafield>
  <datafield tag="260" ind1=" " ind2=" ">
    <subfield code="a">Santo Domingo : </subfield>
    <subfield code="b">Archivo General de la Naci&#xF3;n,</subfield>
    <subfield code="c">2020.</subfield>
  </datafield>
  <datafield tag="300" ind1=" " ind2=" ">
    <subfield code="a">180 p. : </subfield>
    <subfield code="b">il., retrs. ;</subfield>
    <subfield code="c">22 cm. </subfield>
  </datafield>
  <datafield tag="490" ind1="0" ind2=" ">
    <subfield code="a">Archivo General de la Naci&#xF3;n ;</subfield>
    <subfield code="a">Cuadernos populares ;</subfield>
    <subfield code="v">8</subfield>
  </datafield>
  <datafield tag="505" ind1="0" ind2=" ">
    <subfield code="a">Dedicatoria -- Agradecimientos -- Pr&#xF3;logo / Ram&#xF3;n Morel Cerda -- Datos del autor -- Nibaje, Maril&#xF3;pez y la Cruz de Maril&#xF3;pez. Forjadores de cultura e identidad nacional -- Nibaje -- &#xBF;De d&#xF3;nde desciende el nombre de Nibaje? -- Comienza mi recorrido por ese a&#xF1;ejo y querido barrio de Santiago de los Caballeros -- Maril&#xF3;pez -- El terremoto de 1946 -- La Cruz de Maril&#xF3;pez -- Los Jazmines -- El deporte -- Los paseos y las giras -- Bailes hogare&#xF1;os -- El Carnaval y d&#xED;a de San Andr&#xE9;s en el barrio -- Intercambio alimentario de Viernes Santo -- Los apodos en la avenida -- El humor y los humoristas -- Personajes pintorescos, -- Travesuras infantiles -- Modernidad del transporte -- La migraci&#xF3;n -- Los cuentos del barrio -- La nueva generaci&#xF3;n -- Modernizaci&#xF3;n vial -- Una acotaci&#xF3;n necesaria</subfield>
  </datafield>
  <datafield tag="590" ind1=" " ind2=" ">
    <subfield code="a">Inventariado, 2021 /VM

</subfield>
  </datafield>
  <datafield tag="650" ind1=" " ind2="4">
    <subfield code="a">Ciudades y pueblos </subfield>
    <subfield code="x">Historia </subfield>
    <subfield code="z">Rep&#xFA;blica Dominicana</subfield>
  </datafield>
  <datafield tag="650" ind1=" " ind2="4">
    <subfield code="a">Sociolog&#xED;a urbana</subfield>
    <subfield code="z">Rep&#xFA;blica Dominicana </subfield>
  </datafield>
  <datafield tag="650" ind1=" " ind2="4">
    <subfield code="a">Identidad cultural</subfield>
    <subfield code="z">Rep&#xFA;blica Dominicana</subfield>
  </datafield>
  <datafield tag="651" ind1=" " ind2="4">
    <subfield code="a">Nibaje (Santiago de los Caballeros )</subfield>
    <subfield code="x">Historia local</subfield>
    <subfield code="z">Rep&#xFA;blica Dominicana</subfield>
  </datafield>
  <datafield tag="700" ind1="1" ind2=" ">
    <subfield code="a">Morel Cerda, Ram&#xF3;n,</subfield>
    <subfield code="e">pr&#xF3;logo</subfield>
  </datafield>
  <datafield tag="700" ind1="1" ind2=" ">
    <subfield code="a">Vera River&#xF3;n, Aimara,</subfield>
    <subfield code="e">edici&#xF3;n</subfield>
  </datafield>
  <datafield tag="710" ind1="2" ind2=" ">
    <subfield code="a">Archivo General de la Naci&#xF3;n (Rep&#xFA;blica Dominicana)</subfield>
  </datafield>
  <datafield tag="830" ind1=" " ind2=" ">
    <subfield code="a">Archivo General de la Naci&#xF3;n ; </subfield>
    <subfield code="p">Cuadernos Populares</subfield>
    <subfield code="n">8</subfield>
  </datafield>
  <datafield tag="910" ind1=" " ind2=" ">
    <subfield code="a">VMateo V. </subfield>
  </datafield>
  <datafield tag="942" ind1=" " ind2=" ">
    <subfield code="2">ddc</subfield>
    <subfield code="c">BK</subfield>
  </datafield>
  <datafield tag="952" ind1=" " ind2=" ">
    <subfield code="0">0</subfield>
    <subfield code="1">0</subfield>
    <subfield code="2">ddc</subfield>
    <subfield code="4">0</subfield>
    <subfield code="7">0</subfield>
    <subfield code="8">CD</subfield>
    <subfield code="a">BPMET</subfield>
    <subfield code="b">BPMET</subfield>
    <subfield code="d">2021-08-11</subfield>
    <subfield code="l">0</subfield>
    <subfield code="o">BPMSU CD 307.76097293  B142n 2020</subfield>
    <subfield code="p">BPMSU21080039</subfield>
    <subfield code="r">2021-08-11</subfield>
    <subfield code="w">2021-08-11</subfield>
    <subfield code="y">BK</subfield>
  </datafield>
  <datafield tag="952" ind1=" " ind2=" ">
    <subfield code="0">0</subfield>
    <subfield code="1">0</subfield>
    <subfield code="2">ddc</subfield>
    <subfield code="4">0</subfield>
    <subfield code="7">0</subfield>
    <subfield code="8">CD</subfield>
    <subfield code="a">BPMET</subfield>
    <subfield code="b">BPMET</subfield>
    <subfield code="d">2021-08-11</subfield>
    <subfield code="l">0</subfield>
    <subfield code="o">BPMSU CD 307.76097293  B142n 2020</subfield>
    <subfield code="p">BPMSU25110118</subfield>
    <subfield code="r">2025-11-28</subfield>
    <subfield code="t">e.2</subfield>
    <subfield code="w">2021-08-11</subfield>
    <subfield code="y">BK</subfield>
  </datafield>
  <datafield tag="952" ind1=" " ind2=" ">
    <subfield code="0">0</subfield>
    <subfield code="1">0</subfield>
    <subfield code="2">ddc</subfield>
    <subfield code="4">0</subfield>
    <subfield code="7">0</subfield>
    <subfield code="8">CD</subfield>
    <subfield code="a">BPMET</subfield>
    <subfield code="b">BPMET</subfield>
    <subfield code="d">2021-08-11</subfield>
    <subfield code="l">0</subfield>
    <subfield code="o">BPMSU CD 307.76097293  B142n 2020</subfield>
    <subfield code="p">BPMSU26020089</subfield>
    <subfield code="r">2026-02-13</subfield>
    <subfield code="t">e.3</subfield>
    <subfield code="w">0000-00-00</subfield>
    <subfield code="y">BK</subfield>
  </datafield>
  <datafield tag="999" ind1=" " ind2=" ">
    <subfield code="c">13645</subfield>
    <subfield code="d">13645</subfield>
  </datafield>
</record>
